Pokémon Trivia - Very Hard - Statistics

General Stats
  • This quiz has been taken 161 times
  • The average score is 6 of 20
Answer Stats
Question Answer % Correct
Which type was the last to get a gym leader? Dark
80%
Which of the 18 types do not feature in any regional forms? Bug
54%
Which evolutionary line is obtainable in every mainline game? Magikarp/Gyarados
53%
Which is the only region to have 2 'pseudo legendary' Pokémon? Hoenn
52%
Which region has the highest average base stat total? Sinnoh
44%
The ability 'Truant' is held by the Slaking line. Which other Pokémon has this ability? Durant
38%
Which type does no Pokémon naturally have? Stellar
38%
Which Pokémon has the most design variations Spinda
36%
Which fully evolved starter has the highest base stat total? Swampert
31%
Who won the 2025 EUIC (the largest VGC tournament in history)? Wolfe Glick
31%
What is the name of the location where a shiny Gyarados is guaranteed to spawn? Lake of Rage
28%
How many Pokémon movies are there? 21
26%
What is the only Pokémon to have a lower base stat total after evolution? Nincada
22%
In the DLC 'The Crown Tundra', what is the first legendary you get from the Max Lair? Suicune
17%
Which is the only move to change its damage category more than once? Bite
11%
What is the move that swaps the Def. and Sp. Def of all Pokémon on the field? Wonder Room
11%
What is the base stat total of Eternamax Eternatus? 1125
4%
What is the worst-selling core series game? Pokémon Crystal
2%
Who is the CEO of GameFreak? Satoshi Tajiri
2%
How many moves are in the core series games? 934
1%
No matching quizzes found
Score Distribution
Percent of People with Each Score
Percentile by Number Answered
Your Score History
You have not taken this quiz